000 01393nam a2200241Ia 4500
003 OSt
005 20210429111718.0
008 210310s1967 sp gr 000 0 spa d
040 _aCO-JMCR
_cCO-JMCR
041 1 _aspa
_heng
082 0 4 _a336.001 /
_bP936h
_223
100 1 _aPrest, Allan. R.,
_915187
_eautor
245 1 0 _aHacienda pública /
_cA.R. Prest
260 _aMadrid :
_bEditorial Gredos,
_c1967
300 _bxix, 415 páginas ;
_c26 cm.
490 0 _aBiblioteca de Ciencias Económicas
500 _aTítulo original: Public Finance in theory and practice Incluye notas a pie de página.
505 0 _aLa asignación de los recursos productivos existentes -- La oferta de recursos -- Estabilización de la renta nacional -- Equidad -- Eficacia administrativa -- El gobierno central -- Las haciendas locales -- Los fondos nacionales de seguridad social -- El sector público en su conjunto -- La deuda nacional -- Imposición personal sobre la renta -- El gravamen sobre las ganancias del capital -- El gravamen sobre la renta de sociedades (I) -- El gravamen sobre la renta de sociedades (II) -- La doble imposición internacional de la renta -- La estructura de los impuestos indirectos -- Las haciendas locales
546 _aTraducido del inglés.
650 1 4 _aHacienda pública
_915189
_zEspaña
650 2 4 _aContabilidad nacional
_zEspaña
_937246
942 _2ddc
_cBK
999 _c7697
_d7697